Vet emergencies 24/7 / (Record no. 5511)

MARC details
000 -LEADER
fixed length control field 00835nam a22002777a 4500
001 - CONTROL NUMBER
control field 5511
003 - CONTROL NUMBER IDENTIFIER
control field FISKH
005 - DATE AND TIME OF LATEST TRANSACTION
control field 20241213151258.0
008 - FIXED-LENGTH DATA ELEMENTS--GENERAL INFORMATION
fixed length control field 241213b cb ||||| |||| 00| 0 eng d
020 ## - INTERNATIONAL STANDARD BOOK NUMBER
International Standard Book Number 9780696238109
040 ## - CATALOGING SOURCE
Original cataloging agency FISKH
Language of cataloging eng
Transcribing agency FISKH
Modifying agency FISKH
050 ## - LIBRARY OF CONGRESS CALL NUMBER
Classification number SF778.E94
082 ## - DEWEY DECIMAL CLASSIFICATION NUMBER
Classification number 636.089
100 ## - MAIN ENTRY--PERSONAL NAME
Personal name Evento, Susan
245 ## - TITLE STATEMENT
Title Vet emergencies 24/7 /
Statement of responsibility, etc. by Susan Evento
260 ## - PUBLICATION, DISTRIBUTION, ETC.
Place of publication, distribution, etc. Des Moines, lowa :
Name of publisher, distributor, etc. Meredith Books ;
Date of publication, distribution, etc. 2007.
300 ## - PHYSICAL DESCRIPTION
Extent 48 pages :
Other physical details color illustrations ;
Dimensions 31 cm .
505 ## - FORMATTED CONTENTS NOTE
Formatted contents note S <br/>
520 ## - SUMMARY, ETC.
Summary, etc. "Animal behavior tips--make your home pet safe--how to become a vet."--on cover.
521 8# - TARGET AUDIENCE NOTE
Target audience note 790 <br/>
Source Lexile estimate <br/>
521 8# - TARGET AUDIENCE NOTE
Target audience note S <br/>
Source Raz-Plus <br/>
650 ## - SUBJECT ADDED ENTRY--TOPICAL TERM
Topical term or geographic name entry element informational
Form subdivision Non-fiction
650 ## - SUBJECT ADDED ENTRY--TOPICAL TERM
Topical term or geographic name entry element community helpers
Form subdivision Non-fiction
942 ## - ADDED ENTRY ELEMENTS (KOHA)
Source of classification or shelving scheme Dewey Decimal Classification
Koha item type Books
Suppress in OPAC No
Holdings
Withdrawn status Lost status Source of classification or shelving scheme Damaged status Not for loan Collection Home library Current library Shelving location Date acquired Total Checkouts Full call number Barcode Date last seen Price effective from Koha item type
    Dewey Decimal Classification     Non-Fiction Footprints International School Library Network Toul Kork Campus Footprints International School Library Network Toul Kork Campus TTP Secondary Non-Fiction Bookshelves 12/13/2024   EVE 636.089 SF778.E94 FISSE00893 12/13/2024 12/13/2024 Books